[Event "Mecklenburg VP LL2 West 2122"]
[Site "Mecklenburg VP"]
[Date "2021.11.07"]
[Round "2.3"]
[White "Joers, Pia Milena"]
[Black "Schmidt, Arne"]
[Result "0-1"]
[WhiteElo "1650"]
[BlackElo "1740"]
[PlyCount "65"]
[EventDate "2021.10.24"]
[EventType "team-tourn"]
[EventRounds "9"]
[EventCountry "GER"]
[SourceTitle "EXT 2024"]
[Source "ChessBase"]
[SourceDate "2023.10.10"]
[SourceVersion "1"]
[SourceVersionDate "2023.10.10"]
[SourceQuality "1"]
[WhiteTeam "Guestrow/Teterow II"]
[BlackTeam "Schwerin SF III"]
[WhiteTeamCountry "GER"]
[BlackTeamCountry "GER"]

1. d4 Nf6 2. Nf3 g6 3. Bf4 Bg7 4. e3 0-0 5. Be2 d6 6. 0-0 Nh5 7. Bg5 h6 8. Bh4 g5 9. Bg3 Nxg3 10. hxg3 c5 11. c3 Qb6 12. Qc2 cxd4 13. cxd4 Nc6 14. Nc3 Bd7 15. Kh2 f5 16. Rh1 Be8 17. Kg1 e6 18. a3 Ne7 19. Rc1 Rc8 20. Qb1 Bg6 21. Bd3 a6 22. Nd2 e5 23. dxe5 dxe5 24. g4 e4 25. Bc4+ Kh8 26. gxf5 Nxf5 27. b3 Nxe3 28. Ncxe4 Nxc4 29. bxc4 Qd4 30. Qxb7 Rce8 31. Nf3 Bxe4 32. Qxa6 Bxf3 33. gxf3 0-1

[Event "GER-chT U20 Girls"]
[Site "Braunschweig"]
[Date "2019.12.27"]
[Round "1.2"]
[White "Joers, Pia Milena"]
[Black "Schnabel, Luise"]
[Result "1/2-1/2"]
[WhiteElo "1646"]
[BlackElo "1836"]
[PlyCount "69"]
[EventDate "2019.12.27"]
[EventType "team-swiss"]
[EventRounds "7"]
[EventCountry "GER"]
[SourceTitle "CBM 194 Extra"]
[Source "ChessBase"]
[SourceDate "2020.03.31"]
[SourceVersion "1"]
[SourceVersionDate "2020.03.31"]
[SourceQuality "1"]
[WhiteTeam "Guestrow/Teterow"]
[BlackTeam "Harksheide"]
[WhiteTeamCountry "GER"]
[BlackTeamCountry "GER"]

1. d4 Nf6 2. Nf3 g6 3. Bf4 Bg7 4. e3 0-0 5. Bd3 d6 6. h3 Nbd7 7. 0-0 Re8 8. Bh2 e5 9. dxe5 dxe5 10. Bc4 Qe7 11. c3 h6 12. Nbd2 c6 13. Bb3 b5 14. a4 Bb7 15. Qc2 Kf8 16. Rfd1 a6 17. Ne4 Nxe4 18. Qxe4 Nc5 19. Qc2 Nxb3 20. Qxb3 Rad8 21. Rxd8 Rxd8 22. Rd1 Rxd1+ 23. Qxd1 c5 24. axb5 axb5 25. Qe2 c4 26. e4 Qc5 27. Qd2 Ke7 28. Qc2 Bc6 29. Bg3 Ke8 30. Bh4 Qd6 31. Bg3 f6 32. Nd4 Qd7 33. Nxc6 Qxc6 34. f3 Bf8 35. Qd2 1/2-1/2

[Event "GER-chT U20 Girls"]
[Site "Osnabrueck"]
[Date "2018.12.30"]
[Round "7.2"]
[White "Muedder, Melanie"]
[Black "Joers, Pia Milena"]
[Result "1/2-1/2"]
[WhiteElo "1863"]
[BlackElo "1586"]
[PlyCount "52"]
[EventDate "2018.12.27"]
[EventType "team-swiss"]
[EventRounds "7"]
[EventCountry "GER"]
[SourceTitle "CBM 188 Extra"]
[Source "ChessBase"]
[SourceDate "2019.02.28"]
[SourceVersion "1"]
[SourceVersionDate "2019.02.28"]
[SourceQuality "1"]
[WhiteTeam "Solingen SG"]
[BlackTeam "Guestrow/Teterow"]
[WhiteTeamCountry "GER"]
[BlackTeamCountry "GER"]

1. e4 c6 2. d4 d5 3. exd5 cxd5 4. c4 Nf6 5. Nc3 Nc6 6. cxd5 Nxd5 7. Bc4 Nf6 8. Qb3 e6 9. d5 exd5 10. Nxd5 Nxd5 11. Bxd5 Bb4+ 12. Kf1 Qe7 13. Be3 0-0 14. Nf3 h6 15. h3 Bc5 16. Re1 Bxe3 17. Rxe3 Qc7 18. g3 Bf5 19. Kg2 Qd7 20. Ne5 Nxe5 21. Rxe5 Rab8 22. g4 Bg6 23. Rhe1 Rfd8 24. Qf3 b6 25. Kg1 Rbc8 26. Bb7 Rc2 1/2-1/2

[Event "Mecklenburg VP-ch U18"]
[Site "Malchow"]
[Date "2018.02.07"]
[Round "1.6"]
[White "Bohndorf, Tobias"]
[Black "Joers, Pia Milena"]
[Result "0-1"]
[WhiteElo "1445"]
[BlackElo "1557"]
[PlyCount "40"]
[EventDate "2018.02.07"]
[EventType "tourn"]
[EventRounds "7"]
[EventCountry "GER"]
[SourceTitle "EXT 2022"]
[Source "ChessBase"]
[SourceDate "2021.10.06"]
[SourceVersion "1"]
[SourceVersionDate "2021.10.06"]
[SourceQuality "1"]

1. e4 e5 2. Nf3 Nc6 3. Bb5 Nf6 4. 0-0 Nxe4 5. Re1 Nd6 6. Nxe5 Be7 7. Ba4 0-0 8. Nc3 Bf6 9. Nf3 Ne7 10. d3 b6 11. Bf4 Nb7 12. Qd2 Nc5 13. Be5 Bxe5 14. Rxe5 Ng6 15. Re3 Nxa4 16. Nxa4 Qf6 17. Rae1 Bb7 18. Ne5 Qg5 19. Nf3 Bxf3 20. Rxf3 Qxd2 0-1

[Event "Mecklenburg VP-ch U18"]
[Site "Malchow"]
[Date "2018.02.07"]
[Round "6.5"]
[White "Joers, Pia Milena"]
[Black "Engel, Philipp"]
[Result "0-1"]
[WhiteElo "1557"]
[BlackElo "1506"]
[PlyCount "92"]
[EventDate "2018.02.07"]
[EventType "tourn"]
[EventRounds "7"]
[EventCountry "GER"]
[SourceTitle "EXT 2022"]
[Source "ChessBase"]
[SourceDate "2021.10.06"]
[SourceVersion "1"]
[SourceVersionDate "2021.10.06"]
[SourceQuality "1"]

1. d4 d5 2. Nf3 e6 3. c4 Nf6 4. Bg5 Nbd7 5. Nc3 c6 6. e3 Qa5 7. Qc2 Bb4 8. Bd3 Ne4 9. Rc1 Nxg5 10. Nxg5 dxc4 11. Bxc4 Qxg5 12. 0-0 0-0 13. Ne4 Qe7 14. a3 Bd6 15. Bd3 Nf6 16. Nxf6+ Qxf6 17. Bxh7+ Kh8 18. Be4 e5 19. dxe5 Bxe5 20. Rb1 g6 21. Rfd1 Kg7 22. h3 Rh8 23. Kf1 Be6 24. Rd2 Rad8 25. Rbd1 Rxd2 26. Rxd2 Bf5 27. Bxf5 Qxf5 28. Qb3 b6 29. Qd1 Bf6 30. b4 Bh4 31. Qa1+ Qf6 32. Qc1 Rd8 33. Re2 Rd3 34. Rc2 c5 35. Ke2 Rd5 36. g3 Bg5 37. bxc5 bxc5 38. f4 Qa6+ 39. Kf3 Qc6 40. Kf2 Be7 41. Rc3 Qd7 42. g4 Rd2+ 43. Kg3 Qd5 44. Qf1 Qa2 45. e4 Qb2 46. Rf3 c4 0-1

[Event "Mecklenburg VP LL2 Ost 1718"]
[Site "Mecklenburg VP"]
[Date "2017.11.12"]
[Round "2.3"]
[White "Maertin, Heinz"]
[Black "Joers, Pia Milena"]
[Result "1-0"]
[WhiteElo "1739"]
[BlackElo "1623"]
[PlyCount "111"]
[EventDate "2017.10.08"]
[EventType "team-tourn"]
[EventRounds "9"]
[EventCountry "GER"]
[SourceTitle "EXT 2022"]
[Source "ChessBase"]
[SourceDate "2021.10.06"]
[SourceVersion "1"]
[SourceVersionDate "2021.10.06"]
[SourceQuality "1"]
[WhiteTeam "Rostock SSC 07 II"]
[BlackTeam "Guestrow/Teterow II"]
[WhiteTeamCountry "GER"]
[BlackTeamCountry "GER"]

1. e4 c6 2. d4 d5 3. Nc3 dxe4 4. Nxe4 Bf5 5. Ng3 Bg6 6. Nf3 h6 7. h4 e6 8. h5 Bh7 9. Bd3 Bxd3 10. Qxd3 Nf6 11. Qe2 Bd6 12. Bd2 0-0 13. 0-0-0 Qc7 14. Ne4 Nxe4 15. Qxe4 Nd7 16. g4 Nf6 17. Qe2 Bf4 18. Rdg1 Nh7 19. Ne5 Bxd2+ 20. Qxd2 f6 21. Ng6 Rfe8 22. f4 Rad8 23. Qe3 Rc8 24. Kb1 c5 25. dxc5 Qxc5 26. Qxc5 Rxc5 27. Rd1 Nf8 28. Rhe1 Nxg6 29. hxg6 Rc7 30. Rxe6 Rec8 31. Red6 Kf8 32. Rd8+ Rxd8 33. Rxd8+ Ke7 34. Rg8 Ke6 35. f5+ Ke5 36. Rf8 Kd6 37. b3 Ke7 38. Rg8 Kd6 39. c4 b6 40. Kc2 Re7 41. Kd3 Kc5 42. Rf8 Rd7+ 43. Ke3 Kd6 44. b4 Ke7 45. Rf7+ Ke8 46. Rxd7 Kxd7 47. Kd4 Kc6 48. b5+ Kd6 49. a4 Kc7 50. c5 Kd7 51. c6+ Kd6 52. Ke4 a6 53. Kd4 axb5 54. axb5 Kc7 55. Kd5 Kd8 56. Ke6 1-0

[Event "Mecklenburg VP-ch Youth"]
[Site "Malchow"]
[Date "2017.02.12"]
[Round "2.1"]
[White "Joers, Pia Milena"]
[Black "Schmekel, Florian"]
[Result "1-0"]
[WhiteElo "1557"]
[BlackElo "2043"]
[PlyCount "99"]
[EventDate "2017.02.08"]
[EventType "swiss"]
[EventRounds "7"]
[EventCountry "GER"]
[SourceTitle "EXT 2022"]
[Source "ChessBase"]
[SourceDate "2021.10.06"]
[SourceVersion "1"]
[SourceVersionDate "2021.10.06"]
[SourceQuality "1"]

1. d4 Nf6 2. c4 e6 3. Nc3 Bb4 4. Qc2 c5 5. dxc5 Bxc5 6. Nf3 0-0 7. e3 b6 8. Be2 Bb7 9. b3 Nc6 10. 0-0 d5 11. Rd1 Qe7 12. cxd5 Nb4 13. Qb1 Nbxd5 14. Bb2 Nxc3 15. Bxc3 Ne4 16. Bb2 Ng5 17. Ne5 Rfd8 18. Bb5 a6 19. Rxd8+ Rxd8 20. Nc6 Bxc6 21. Bxc6 Qd6 22. Bb7 b5 23. Qe1 e5 24. h4 Ne6 25. Qc3 f6 26. Be4 g6 27. Bf3 Qd2 28. Qxd2 Rxd2 29. Bc3 Rd3 30. Be1 Ba3 31. Rd1 Nc5 32. Rxd3 Nxd3 33. Bd2 b4 34. Be4 Nc5 35. Bd5+ Kg7 36. e4 a5 37. Be3 Nd3 38. Bc4 Nb2 39. Be2 f5 40. f3 f4 41. Bb6 a4 42. Kf1 Kf6 43. Ke1 Ke6 44. Bb5 Kd6 45. bxa4 b3 46. axb3 Bb4+ 47. Ke2 h6 48. a5 Bc5 49. Kd2 Bd4 50. Kc2 1-0

[Event "Mecklenburg VP U16"]
[Site "Malchow"]
[Date "2016.02.02"]
[Round "4.6"]
[White "Joers, Pia Milena"]
[Black "Engel, Philipp"]
[Result "1/2-1/2"]
[WhiteElo "1565"]
[BlackElo "1394"]
[PlyCount "88"]
[EventDate "2016.02.02"]
[EventType "swiss"]
[EventRounds "7"]
[EventCountry "GER"]
[SourceTitle "EXT 2024"]
[Source "ChessBase"]
[SourceDate "2023.10.10"]
[SourceVersion "1"]
[SourceVersionDate "2023.10.10"]
[SourceQuality "1"]

1. d4 d5 2. c4 Nf6 3. Nc3 e6 4. Nf3 c5 5. e3 Nc6 6. Bd3 Bd7 7. 0-0 Qc7 8. a3 Rd8 9. dxc5 Bxc5 10. b4 Be7 11. c5 a6 12. Bb2 Na7 13. Ne2 Rg8 14. Be5 Qc6 15. Ned4 Qc8 16. Ng5 h6 17. Nh3 Nc6 18. Bg3 Kf8 19. Nxc6 Qxc6 20. Nf4 g6 21. Ne2 b5 22. Nd4 Qb7 23. Rc1 Bc6 24. Be5 Nd7 25. Bg3 e5 26. Nb3 Bf6 27. Na5 Qa8 28. Nxc6 Qxc6 29. Re1 Nb8 30. Qb3 Kg7 31. Be2 Qe6 32. Red1 Nc6 33. h3 Ne7 34. Rd2 d4 35. Qxe6 fxe6 36. Rcd1 Nd5 37. exd4 exd4 38. Bd6 Nc3 39. Rc1 Ne4 40. Rdc2 Nxd6 41. cxd6 Rxd6 42. Rc7+ Kh8 43. Bd3 e5 44. R1c6 Rgd8 1/2-1/2

[Event "Mecklenburg VP U16"]
[Site "Malchow"]
[Date "2016.02.02"]
[Round "7.4"]
[White "Joers, Pia Milena"]
[Black "Wolfgramm, Theo"]
[Result "1-0"]
[WhiteElo "1565"]
[BlackElo "1131"]
[PlyCount "65"]
[EventDate "2016.02.02"]
[EventType "swiss"]
[EventRounds "7"]
[EventCountry "GER"]
[SourceTitle "EXT 2024"]
[Source "ChessBase"]
[SourceDate "2023.10.10"]
[SourceVersion "1"]
[SourceVersionDate "2023.10.10"]
[SourceQuality "1"]

1. d4 e6 2. c4 d5 3. Nc3 c6 4. e3 Nf6 5. Bd3 Be7 6. Nf3 0-0 7. 0-0 Re8 8. Qc2 Nbd7 9. a3 Nf8 10. b4 a6 11. c5 b6 12. Ne5 Bd7 13. Na4 b5 14. Nb6 Rb8 15. Nbxd7 N6xd7 16. Nxc6 Qc7 17. Nxb8 Rxb8 18. Bd2 Rc8 19. a4 Qb8 20. axb5 axb5 21. Ra5 Qc7 22. Rxb5 Bd6 23. h3 Be7 24. Ra1 Nf6 25. Rba5 g6 26. Ra7 Qd8 27. b5 h5 28. Qa4 Ne4 29. Ba5 Qe8 30. b6 Qxa4 31. Rxa4 Rb8 32. Rxe7 Nf6 33. c6 1-0

[Event "Mecklenburg VP-ch U16 Girls"]
[Site "Malchow"]
[Date "2015.02.??"]
[Round "5.1"]
[White "Joers, Pia Milena"]
[Black "Schumann, Rabea"]
[Result "0-1"]
[WhiteElo "1384"]
[BlackElo "1793"]
[PlyCount "108"]
[EventDate "2015.02.04"]
[EventType "tourn"]
[EventRounds "7"]
[EventCountry "GER"]
[SourceTitle "EXT 2022"]
[Source "ChessBase"]
[SourceDate "2021.10.06"]
[SourceVersion "1"]
[SourceVersionDate "2021.10.06"]
[SourceQuality "1"]

1. e4 c6 2. d4 d5 3. Nc3 dxe4 4. Nxe4 Nd7 5. Nf3 Ngf6 6. Bd3 Nxe4 7. Bxe4 Nf6 8. Bd3 Bg4 9. c3 e6 10. Bf4 Be7 11. h3 Bh5 12. 0-0 0-0 13. Qb3 Bxf3 14. gxf3 Qb6 15. Qc2 g6 16. Kh1 c5 17. Be5 cxd4 18. Bxd4 Qc6 19. Be4 Nxe4 20. Qxe4 Qxe4 21. fxe4 Rfd8 22. Rad1 b5 23. a3 Rd7 24. Be3 Rad8 25. Rxd7 Rxd7 26. e5 Bf8 27. Kg2 Bg7 28. f4 Kf8 29. Bd4 a5 30. b3 Rb7 31. Rd1 Ke8 32. Bc5 Rd7 33. Rxd7 Kxd7 34. Bb6 a4 35. bxa4 bxa4 36. Bc5 Kc6 37. Bb4 Kd5 38. Kf3 f6 39. exf6 Bxf6 40. Ke3 Kc4 41. Kd2 e5 42. fxe5 Bxe5 43. Kc2 Bf6 44. Kd2 h5 45. Ba5 g5 46. Kc2 g4 47. hxg4 hxg4 48. Bc7 Bxc3 49. Bg3 Bf6 50. Bf2 Be5 51. Bg1 g3 52. Kd2 g2 53. Ke2 Bd4 54. Bxd4 Kxd4 0-1

[Event "GER-chT U14 Girls"]
[Site "Regensburg"]
[Date "2014.12.30"]
[Round "7.1"]
[White "Joers, Pia Milena"]
[Black "Oberhofer, Marie"]
[Result "0-1"]
[WhiteElo "1462"]
[BlackElo "1671"]
[PlyCount "68"]
[EventDate "2014.12.27"]
[EventType "team-swiss"]
[EventRounds "7"]
[EventCountry "GER"]
[SourceTitle "EXT 2018"]
[Source "ChessBase"]
[SourceDate "2017.10.13"]
[SourceVersion "1"]
[SourceVersionDate "2017.10.13"]
[SourceQuality "1"]
[WhiteTeam "Guestrow/Teterow"]
[BlackTeam "Regensburg Bavaria"]
[WhiteTeamCountry "GER"]
[BlackTeamCountry "GER"]

1. d4 Nf6 2. c4 c5 3. e3 g6 4. Bd3 Bg7 5. Ne2 0-0 6. 0-0 d5 7. Nbc3 Nc6 8. f3 cxd4 9. exd4 dxc4 10. Bxc4 a6 11. Be3 b5 12. Bb3 Na5 13. Bc2 Bb7 14. b3 Rc8 15. Ne4 Nd5 16. Bf2 Qb6 17. Qd2 Rfd8 18. Rac1 Nc6 19. Rfd1 e6 20. Nc5 Nce7 21. Be4 Nf5 22. Bxf5 exf5 23. Nxb7 Qxb7 24. Qd3 Bh6 25. Rxc8 Rxc8 26. g3 Nb4 27. Qb1 Qxf3 28. Nf4 Bxf4 29. gxf4 Rc2 30. Rf1 Re2 31. Qe1 Rxe1 32. Rxe1 Nd3 33. Rf1 Nxf4 34. Bg3 Qg2# 0-1

[Event "GER-chT U14 Girls"]
[Site "Regensburg"]
[Date "2014.12.27"]
[Round "1.1"]
[White "Poetsch, Leonore"]
[Black "Joers, Pia Milena"]
[Result "1-0"]
[WhiteElo "1692"]
[BlackElo "1462"]
[PlyCount "131"]
[EventDate "2014.12.27"]
[EventType "team-swiss"]
[EventRounds "7"]
[EventCountry "GER"]
[SourceTitle "EXT 2016"]
[Source "ChessBase"]
[SourceDate "2015.10.08"]
[SourceVersion "1"]
[SourceVersionDate "2015.10.08"]
[SourceQuality "1"]
[WhiteTeam "Langen"]
[BlackTeam "Guestrow/Teterow"]
[WhiteTeamCountry "GER"]
[BlackTeamCountry "GER"]

1. e3 e5 2. d4 exd4 3. exd4 d5 4. Bd3 Nc6 5. c3 Nf6 6. Bf4 Bd6 7. Ne2 0-0 8. 0-0 Re8 9. Bxd6 Qxd6 10. f3 Ne7 11. Ng3 Ng6 12. Na3 a6 13. Qd2 Qf4 14. Rad1 Qe3+ 15. Qxe3 Rxe3 16. Nc2 Re8 17. Rfe1 Bd7 18. Ne3 Nf4 19. Bc2 g6 20. Kf2 Re7 21. Ne2 Nxe2 22. Rxe2 Rae8 23. Rde1 Bb5 24. Rd2 Nd7 25. a4 Bc6 26. Rde2 f5 27. Bb3 Nf6 28. Kf1 Kf8 29. Nc2 Rxe2 30. Rxe2 Rxe2 31. Kxe2 Ke7 32. Nb4 Kd6 33. Nd3 Nd7 34. Bc2 b6 35. Ke3 Bb7 36. Kf4 h6 37. h4 Ke6 38. g4 fxg4 39. fxg4 a5 40. Ne5 Nxe5 41. dxe5 Kf7 42. e6+ Kxe6 43. Bxg6 Kf6 44. Bd3 Bc6 45. b3 Be8 46. g5+ hxg5+ 47. hxg5+ Kg7 48. Ke5 Bf7 49. b4 Kg8 50. b5 Kg7 51. Bf5 Be8 52. Kxd5 Kf7 53. c4 Ke7 54. Be6 Kd8 55. Ke5 Ke7 56. Bd5 Bg6 57. Be4 Bf7 58. g6 Bxc4 59. Bd5 Bd3 60. g7 Bh7 61. g8Q Bxg8 62. Bxg8 Kd7 63. Kd5 Kc8 64. Kc6 Kb8 65. Be6 Ka7 66. Kxc7 1-0

[Event "GER-chT Lands U20"]
[Site "Hannover"]
[Date "2014.10.05"]
[Round "5.7"]
[White "Joers, Pia Milena"]
[Black "Caliebe, Nanke"]
[Result "1-0"]
[WhiteElo "1222"]
[BlackElo "1446"]
[PlyCount "69"]
[EventDate "2014.10.03"]
[EventType "team-swiss"]
[EventRounds "7"]
[EventCountry "GER"]
[SourceTitle "CBM 162 Extra"]
[Source "ChessBase"]
[SourceDate "2014.10.17"]
[SourceVersion "1"]
[SourceVersionDate "2014.10.17"]
[SourceQuality "1"]
[WhiteTeam "Mecklenburg Vorpommern"]
[BlackTeam "Team Nord"]
[WhiteTeamCountry "GER"]
[BlackTeamCountry "GER"]

1. e4 c5 2. Nf3 e6 3. d4 cxd4 4. Nxd4 Nc6 5. Nc3 Bb4 6. Be2 Bxc3+ 7. bxc3 d6 8. 0-0 Nf6 9. Bf3 a6 10. Ba3 d5 11. exd5 Nxd5 12. Qd3 Nde7 13. Rfd1 Ne5 14. Qe3 Nxf3+ 15. Qxf3 Qc7 16. Re1 0-0 17. Qg3 Qxg3 18. hxg3 Re8 19. c4 Bd7 20. Rab1 Bc8 21. Rb6 Ra7 22. Bxe7 Rxe7 23. Nf5 Rc7 24. Nd6 Kf8 25. Reb1 Ra8 26. R1b2 Rb8 27. Rxa6 g6 28. Rb4 Rc5 29. Nxc8 Rbxc8 30. Rab6 Rd8 31. Kf1 Rd1+ 32. Ke2 Rc1 33. Kd2 Ra1 34. Rxb7 Rxa2 35. R7b5 1-0

[Event "Mecklenburg VP-ch U14"]
[Site "Malchow"]
[Date "2014.02.04"]
[Round "6"]
[White "Joers, Pia Milena"]
[Black "Stange, Laura"]
[Result "1/2-1/2"]
[WhiteElo "1000"]
[BlackElo "1208"]
[PlyCount "52"]
[EventDate "2014.02.01"]
[EventType "swiss"]
[EventRounds "7"]
[EventCountry "GER"]
[SourceTitle "EXT 2017"]
[Source "ChessBase"]
[SourceDate "2016.10.25"]
[SourceVersion "1"]
[SourceVersionDate "2016.10.25"]
[SourceQuality "1"]

1. e4 e5 2. Nf3 Nc6 3. Bc4 Bc5 4. c3 d6 5. d4 exd4 6. cxd4 Bb6 7. Nc3 Bg4 8. Be3 Nf6 9. Be2 Qd7 10. d5 Ne5 11. Nxe5 dxe5 12. Bxb6 axb6 13. f3 Bh5 14. Bb5 c6 15. dxc6 bxc6 16. Qxd7+ Kxd7 17. Rd1+ Kc7 18. Ba4 b5 19. Bb3 Nd7 20. a3 Kd8 21. Kf2 Ke7 22. Rd2 Rhd8 23. Rhd1 Nb6 24. Rxd8 Rxd8 25. Rxd8 Kxd8 26. h4 f6 1/2-1/2